| 000 | nam a22 7a 4500 | ||
|---|---|---|---|
| 999 |
_c128437 _d128437 |
||
| 008 | 181023b xxu||||| |||| 00| 0 eng d | ||
| 020 | _a9788170867449 | ||
| 050 | _aBX1920.M685 | ||
| 100 |
_aMitterstieler, Elmar _943096 |
||
| 245 |
_aOur lives in wonderful light _bequality, dignity and priesthood of all the members of the Church _cElmar Mitterstieler |
||
| 260 |
_aBengaluru, India _bAsian trading corporation _c2016 |
||
| 300 |
_axi, 127p. ; _c21cm. |
||
| 650 |
_aLaity _xCatholic Church _943097 |
||
| 942 |
_2lcc _cMONOGRAPH |
||